Central Library OPAC University of Rajshahi

Modern Far Eastern international relations / (Record no. 42154)

MARC details
000 -LEADER
fixed length control field 00812nam a2200253 a 4500
001 - CONTROL NUMBER
control field 42154
003 - CONTROL NUMBER IDENTIFIER
rucl marc code BD-RjUL
005 - DATE AND TIME OF LATEST TRANSACTION
control field 20211209053512.0
008 - FIXED-LENGTH DATA ELEMENTS--GENERAL INFORMATION
fixed length control field 160609s1955 nyua b 001 0 eng
035 ## - SYSTEM CONTROL NUMBER
System control number (BD-RjUL)42272
040 ## - CATALOGING SOURCE
Original cataloging agency DLC
Transcribing agency DLC
Modifying agency BD-RjUL
Language of cataloging eng
041 ## - LANGUAGE CODE
Language code of text/sound track or separate title eng
082 00 - DEWEY DECIMAL CLASSIFICATION NUMBER
Classification number 327.5
Edition number 23
Author mark and year MAM 1955
100 1# - MAIN ENTRY--PERSONAL NAME
Personal name MacNair, Harley Farnsworth.
9 (RLIN) 129637
245 10 - TITLE STATEMENT
Title Modern Far Eastern international relations /
Statement of responsibility, etc. by Harley Farnsworth MacNair and Donald F. Lach.
250 ## - EDITION STATEMENT
Edition statement 2nd ed.
260 ## - PUBLICATION, DISTRIBUTION, ETC. (IMPRINT)
Place of publication, distribution, etc. New York :
Name of publisher, distributor, etc. Van Nostrand,
Date of publication, distribution, etc. c1955
300 ## - PHYSICAL DESCRIPTION
Pagination xiv, 777 p. :
Illustrations illus. ;
Size 24 cm.
504 ## - BIBLIOGRAPHY, ETC. NOTE
Bibliography, etc Includes bibliography and index.
651 #0 - SUBJECT ADDED ENTRY--GEOGRAPHIC NAME
Geographic name East Asia
General subdivision Foreign relations.
9 (RLIN) 129528
Geographic name Southeast Asia
General subdivision Foreign relations.
9 (RLIN) 129638
700 1# - ADDED ENTRY--PERSONAL NAME
Personal name Lach, Donald F.
942 ## - ADDED ENTRY ELEMENTS (KOHA)
Source of classification or shelving scheme Dewey Decimal Classification
Koha item type Books
Holdings
Lost status Source of classification or shelving scheme Damaged status Not for loan Collection code Permanent Location Current Location Shelving location Date acquired Source of acquisition Cost, normal purchase price Total Checkouts Full call number Date last seen Copy number Koha item type
  Dewey Decimal Classification     Non-fiction Central Library, University of Rajshahi Central Library, University of Rajshahi   09/11/1963 Zeitlinger 66.00   327.5 MAM 1955 09/06/2016 C-2 Books
  Dewey Decimal Classification     Non-fiction Central Library, University of Rajshahi Central Library, University of Rajshahi   02/02/1963 Mirja book 42.00   327.5 MAM 1955 09/06/2016 C-3 Books
  Dewey Decimal Classification     Non-fiction Central Library, University of Rajshahi Central Library, University of Rajshahi   09/11/1963 Zeitlinger 66.00   327.5 MAM 1955 09/06/2016 C-4 Books
  Dewey Decimal Classification     Non-fiction Central Library, University of Rajshahi Central Library, University of Rajshahi   09/11/1963 Zeitlinger 66.00   327.5 MAM 1955 09/06/2016 C-5 Books